Mémoires / (Record n. 34529)

Dettagli MARC
000 -LEADER
fixed length control field 00695nam a2200229 i 4500
003 - CONTROL NUMBER IDENTIFIER
control field IT-RoINE
005 - DATE AND TIME OF LATEST TRANSACTION
control field 20200626063017.0
008 - FIXED-LENGTH DATA ELEMENTS--GENERAL INFORMATION
fixed length control field 141006s2014 fr r ||1 |bfre d
020 ## - INTERNATIONAL STANDARD BOOK NUMBER
International Standard Book Number 9782204098755
040 ## - CATALOGING SOURCE
Original cataloging agency IT-RoPUS
Transcribing agency IT-RoPUS IT-RoINE
Modifying agency IT-RoINE
100 1# - MAIN ENTRY--PERSONAL NAME
9 (RLIN) 3259
Personal name Bouyer, Louis,
Titles and other words associated with a name C.O.,
Dates associated with a name 1913-2004
245 10 - TITLE STATEMENT
Title Mémoires /
Statement of responsibility, etc Louis Bouyer ; postface et notes de Jean Duchesne.
260 ## - PUBLICATION, DISTRIBUTION, ETC. (IMPRINT)
Place of publication, distribution, etc Paris :
Name of publisher, distributor, etc Editions du Cerf,
Date of publication, distribution, etc 2014.
300 ## - PHYSICAL DESCRIPTION
Extent 327 p. ;
Dimensions 21 cm.
336 ## - CONTENT TYPE
Source rdacontent
Content type term text
337 ## - MEDIA TYPE
Source rdamedia
Media type term unmediated
338 ## - CARRIER TYPE
Source rdacarrier
Carrier type term volume
500 ## - GENERAL NOTE
General note Incluye índice.
504 ## - BIBLIOGRAPHY, ETC. NOTE
Bibliography, etc Incluye bibliografía.
700 1# - ADDED ENTRY--PERSONAL NAME
9 (RLIN) 55834
Personal name Duchesne, Jean
942 ## - ADDED ENTRY ELEMENTS (KOHA)
Item type Monografías
Dati di copia
Withdrawn status Lost status Damaged status Not for loan Home library Current library Date acquired Total Checkouts Full call number Barcode Date last seen Price effective from Koha item type
        Iglesia Nacional Española en Roma Iglesia Nacional Española en Roma 26/06/2020   BIO 2089 62355 26/06/2020 26/06/2020 Monografías